Entry Personal Name
Number of records used in: 1
001 - CONTROL NUMBER
003 - CONTROL NUMBER IDENTIFIER
005 - DATE AND TIME OF LATEST TRANSACTION
- control field:
20230915161301.0
008 - FIXED-LENGTH DATA ELEMENTS
- fixed length control field:
020520n| azannaabn |n aaa
010 ## - LIBRARY OF CONGRESS CONTROL NUMBER
- LC control number:
n 2002100784
035 ## - SYSTEM CONTROL NUMBER
- System control number:
(OCoLC)oca05768136
040 ## - CATALOGING SOURCE
- Original cataloging agency:
DLC
- Language of cataloging:
eng
- Description conventions:
rda
- Transcribing agency:
DLC
- Modifying agency:
DLC
- Modifying agency:
InU
046 ## - SPECIAL CODED DATES
- Birth date:
1953-08-07
- Source of date scheme:
edtf
100 1# - HEADING--PERSONAL NAME
- Personal name:
Reynaud, Cecile,
- Dates associated with a name:
1953-
670 ## - SOURCE DATA FOUND
- Source citation:
The volleyball coaching bible, c2002:
- Information found:
CIP t.p. (Cecile Reynaud) data sheet (b. Aug. 7, 1953)